000 01414pam a2200337 a 4500
001 4020
003 FISKH
005 20240531101937.0
008 890329s1991 nyuab j 000 0 eng
010 _a 89032375
020 _a0688068375
020 _a0688068383 (lib. bdg.)
040 _aDLC
_cDLC
_dDLC
_beng
042 _alcac
043 _an------
_as------
050 0 0 _aE101
_b.M29 1991
082 0 0 _a917.04/1
_220
100 1 _aMaestro, Betsy
245 1 4 _aThe discovery of the Americas /
_cby Betsy and Giulio Maestro ; illustrated by Giulio Maestro.
260 _aNew York :
_bHarperCollins,
_c1991
300 _a48 pages :
_bcolor illustrations, maps ;
_c29 cm
520 _aDiscusses both hypothetical and historical voyages of discovery to America by the Phoenicians, Saint Brendan of Ireland, the Vikings, and such later European navigators as Columbus, Cabot, and Magellan.
521 8 _a1110
_bLexile AD
651 0 _aAmerica
_xDiscovery and exploration
_xJuvenile literature.
651 1 _aAmerica
_xDiscovery and exploration.
700 1 _aMaestro, Giulio.
856 4 2 _3Contributor biographical information
_uhttp://www.loc.gov/catdir/enhancements/fy1311/89032375-b.html
906 _a7
_bcbc
_corignew
_d1
_eocip
_f19
_gy-gencatlg
942 _2ddc
_cBK
_n0
999 _c4020
_d4020